00493nam a2200121Ia 4500008004100000040004400041100002200085245012800107260002300235300000900258500008900267999001500356180412s9999||||xx |||||||||||||| ||und|| aAhmadu Bello University Library - Zaria aWilliam T. Vorley 0aThirty Cabbages: Greening the Agricultural Life Science Industry.cINTERNATIONAL INSTITUTE FOR ENVIRONMENT AND DEVELOPMENT. bIIED, Londonc1998 a20p. aThirty cabbages greening the agricultural life science industry / William T. Vorley. c6490d6490